| 000 | 00425cam a22001097a 4500 | ||
|---|---|---|---|
| 008 | 180718b1956 xxu||||| |||| 00| 0 eng d | ||
| 082 | _aD78x42 Un3b | ||
| 245 |
_aBritain and middle-east development _cby Reference Divison, Central Office of Information |
||
| 260 |
_aLondon _bReference Divison. Central Office of Information _c1956 |
||
| 300 | _a38+p. | ||
| 700 | _aUnited Kingdom. Central Office of Information. Reference Division | ||
| 999 |
_c490182 _d490182 |
||